[Event "75. LJUBLJANSKA LIGA 2023"]
[Site " gostovanja"]
[Date "2023.01.26"]
[Round "3.3"]
[White "Zdolc, Damjan"]
[Black "Macek, Inti"]
[Result "0-1"]
[WhiteElo "1686"]
[BlackElo "1512"]
[PlyCount "62"]
[EventDate "2023.01.26"]
[WhiteTeam "SK DOL PRI LJUBLJANI"]
[BlackTeam "SK KOMENDA POGI"]

1. d4 d5 2. Bf4 Nf6 3. Nf3 c5 4. e3 Nc6 5. Nc3 Bg4 6. Be2 e6 7. h3 Bxf3 8. Bxf3
cxd4 9. exd4 Be7 10. O-O O-O 11. a3 h6 12. Rb1 Bd6 13. Bxd6 Qxd6 14. Re1 Rfb8
15. Nb5 Qd8 16. Qd3 Qb6 17. Red1 a6 18. Nc3 Qc7 19. Ne2 b5 20. b4 Rc8 21. Qe3
Ne7 22. c3 Nf5 23. Qd3 Nd6 24. Rdc1 Qb6 25. Ra1 Nc4 26. Qc2 Ra7 27. Ng3 Rac7
28. Be2 Nd6 29. Qd3 Nde4 30. Nxe4 Nxe4 31. Kh1 Nxf2+ 0-1

[Event "75. LJUBLJANSKA LIGA 2023"]
[Site " gostovanja"]
[Date "2023.01.26"]
[Round "3.4"]
[White "Babarovic, Fran"]
[Black "Mavrel, Franc"]
[Result "1-0"]
[WhiteElo "1275"]
[BlackElo "1664"]
[PlyCount "79"]
[EventDate "2023.01.26"]
[WhiteTeam "SK KOMENDA POGI"]
[BlackTeam "SK DOL PRI LJUBLJANI"]

1. e4 e5 2. Nf3 Nc6 3. Bc4 h6 4. d4 exd4 5. Nxd4 Nxd4 6. Qxd4 Qf6 7. Be3 Bd6 8.
O-O Be5 9. Qd5 c6 10. Qd2 Bxb2 11. c3 Bxa1 12. Bd4 Qg6 13. Bd3 f6 14. e5 Qg5
15. f4 Qg4 16. h3 Qh5 17. Qc2 Ne7 18. exf6 gxf6 19. Re1 Kd8 20. Bxf6 Re8 21.
Bg6 Qc5+ 22. Bd4 Qd6 23. Bxe8 Bxc3 24. Qxc3 Nd5 25. Qg3 Nxf4 26. Qh4+ Kc7 27.
Be5 Ne6 28. Bxd6+ Kxd6 29. Bf7 b6 30. Bxe6 dxe6 31. Qd8+ Kc5 32. Rc1+ Kb5 33.
Qd3+ Ka5 34. Qb3 c5 35. Rc4 Ka6 36. Nc3 Bd7 37. Na4 e5 38. Rxc5 Re8 39. Qc4+ b5
40. Qd5 1-0

[Event "75. LJUBLJANSKA LIGA 2023"]
[Site " gostovanja"]
[Date "2023.01.26"]
[Round "3.1"]
[White "Mlacnik, Janez"]
[Black "Veskovic, Dzemal"]
[Result "1/2-1/2"]
[WhiteElo "1832"]
[BlackElo "1876"]
[PlyCount "50"]
[EventDate "2023.01.26"]
[WhiteTeam "KPSRD KAREL JERAJ"]
[BlackTeam "SD MENGES - TRZIN"]

1. e4 e6 2. d4 d6 3. Nf3 Be7 4. Bd3 a6 5. O-O Nd7 6. c4 e5 7. Nc3 c6 8. Be3
Ngf6 9. h3 O-O 10. Qe2 h6 11. Rad1 Nh7 12. Bb1 Ng5 13. Bxg5 Bxg5 14. dxe5 dxe5
15. Nxe5 Qe7 16. Nxd7 Bxd7 17. f4 Bh4 18. e5 Rad8 19. Ne4 f5 20. Nd6 Be6 21.
Qd3 Qc7 22. c5 b5 23. b4 a5 24. a3 axb4 25. axb4 Bc4 1/2-1/2

[Event "75. LJUBLJANSKA LIGA 2023"]
[Site " gostovanja"]
[Date "2023.01.26"]
[Round "3.2"]
[White "Simicak, Metod"]
[Black "Novakovic, Novica"]
[Result "1-0"]
[WhiteElo "1704"]
[BlackElo "1663"]
[PlyCount "91"]
[EventDate "2023.01.26"]
[WhiteTeam "SD MENGES - TRZIN"]
[BlackTeam "KPSRD KAREL JERAJ"]

1. e4 c6 2. d4 d5 3. Nc3 dxe4 4. Nxe4 Bf5 5. Ng3 Bg6 6. Be3 Nf6 7. Bd3 Bxd3 8.
Qxd3 e6 9. O-O-O Qd5 10. c4 Qxg2 11. N1e2 Qf3 12. d5 exd5 13. Nd4 Qg4 14. Rhe1
Bb4 15. Bd2+ Be7 16. Ngf5 O-O 17. Nxe7+ Kh8 18. cxd5 cxd5 19. f3 Qh5 20. Bf4
Nbd7 21. Qf5 Nb6 22. Be5 Qxf5 23. Ndxf5 Nh5 24. b3 f6 25. Bd4 g6 26. Ne3 Nf4
27. Kb2 Kg7 28. Bxb6 axb6 29. N7xd5 Nxd5 30. Nxd5 Rf7 31. Nxb6 Ra5 32. Rd5 Ra6
33. Rb5 Rc7 34. Nd5 Rd7 35. Re7+ Rxe7 36. Nxe7 Kf7 37. Rxb7 Ke6 38. Nc8 Kf5 39.
Rxh7 Kf4 40. Ne7 g5 41. Nd5+ Kxf3 42. Rh6 Rd6 43. Rxf6+ Rxf6 44. Nxf6 Kg2 45.
a4 Kxh2 46. a5 1-0

[Event "75. LJUBLJANSKA LIGA 2023"]
[Site " gostovanja"]
[Date "2023.01.26"]
[Round "3.3"]
[White "Vertacnik, Viktor"]
[Black "Grasic, Marjan"]
[Result "1-0"]
[WhiteElo "1572"]
[BlackElo "1664"]
[PlyCount "113"]
[EventDate "2023.01.26"]
[WhiteTeam "KPSRD KAREL JERAJ"]
[BlackTeam "SD MENGES - TRZIN"]

1. e4 e5 2. Nf3 Nc6 3. Bc4 Bc5 4. c3 Nf6 5. d3 d5 6. exd5 Nxd5 7. Qb3 Nf4 8.
Bxf4 exf4 9. Bxf7+ Kf8 10. O-O Qxd3 11. Bc4 Qf5 12. Nbd2 Na5 13. Qb5 Nxc4 14.
Qxc4 Be6 15. Qe4 Qxe4 16. Nxe4 Be7 17. Nd4 Kf7 18. Nxe6 Kxe6 19. Rfe1 Kf7 20.
Rad1 Rad8 21. Nd2 Rhe8 22. Nf3 Rxd1 23. Rxd1 Bd6 24. Kf1 h6 25. Nd4 Re5 26. Re1
Kf6 27. f3 a6 28. b3 Bc5 29. Rxe5 Kxe5 30. Nc2 b5 31. Ke2 h5 32. Kd3 g5 33. h3
Bf2 34. c4 c5 35. cxb5 axb5 36. Na3 b4 37. Nc4+ Kd5 38. Nd2 Ke5 39. Ne4 Bg1 40.
Nxg5 Kd5 41. Ne4 Bd4 42. g4 hxg4 43. hxg4 Bg7 44. Ng5 Bc3 45. Nh3 Ke5 46. Kc4
Bd4 47. Ng5 Kd6 48. Ne4+ Kc6 49. g5 Be3 50. g6 Bd4 51. Ng5 Kd6 52. g7 Bxg7 53.
Ne4+ Kc6 54. Nxc5 Bc3 55. Nd3 Kb6 56. Nxf4 Bd2 57. Nd5+ 1-0

[Event "75. LJUBLJANSKA LIGA 2023"]
[Site " gostovanja"]
[Date "2023.01.26"]
[Round "3.4"]
[White "Ocepek, Marjan"]
[Black "Cizman, Gregor"]
[Result "1/2-1/2"]
[WhiteElo "1610"]
[BlackElo "1499"]
[PlyCount "48"]
[EventDate "2023.01.26"]
[WhiteTeam "SD MENGES - TRZIN"]
[BlackTeam "KPSRD KAREL JERAJ"]

1. c4 c6 2. d4 d5 3. cxd5 cxd5 4. Nf3 Nf6 5. Bf4 a6 6. g3 e6 7. a3 Bd6 8. Be5
O-O 9. Bg2 b5 10. O-O Bb7 11. Nbd2 Qe7 12. Bxd6 Qxd6 13. b4 Nbd7 14. Nb3 Nb6
15. Nc5 Qe7 16. Ne5 Nc4 17. Ned3 Nd6 18. e3 Rfc8 19. Qe2 Bc6 20. Rfc1 h6 21.
Ne5 Bb7 22. Ned3 Bc6 23. Ne5 Bb7 24. Ned3 Bc6 1/2-1/2

[Event "75. LJUBLJANSKA LIGA 2023"]
[Site " gostovanja"]
[Date "2023.01.26"]
[Round "3.1"]
[White "Marinko, Peter"]
[Black "Peric, Bernard"]
[Result "1-0"]
[WhiteElo "2038"]
[BlackElo "2143"]
[PlyCount "83"]
[EventDate "2023.01.26"]
[WhiteTeam "SK LJUBLJANA"]
[BlackTeam "SK ZAGORJE"]

1. d4 Nf6 2. c4 g6 3. Nc3 d5 4. Bg5 Ne4 5. Nxe4 dxe4 6. e3 Bg7 7. Qd2 c5 8. Ne2
Nc6 9. d5 Ne5 10. Nc3 f5 11. Be2 O-O 12. f4 exf3 13. gxf3 Nf7 14. Bh4 Nd6 15.
Rg1 a6 16. Bf2 Bd7 17. h4 b5 18. h5 Be8 19. hxg6 hxg6 20. Rc1 Qa5 21. a3 bxc4
22. Bg3 Qd8 23. Bxd6 exd6 24. Kd1 Rb8 25. Bxc4 Qh4 26. b3 Bf7 27. Kc2 Rfe8 28.
Rce1 Re7 29. Re2 a5 30. a4 Rb4 31. Qd3 Qf6 32. Rge1 Rb8 33. Qd2 Rbe8 34. e4
Qxc3+ 35. Qxc3 Bxc3 36. Kxc3 fxe4 37. Rxe4 Rxe4 38. Rxe4 Rxe4 39. fxe4 Kg7 40.
e5 g5 41. exd6 Kf6 42. d7 1-0

[Event "75. LJUBLJANSKA LIGA 2023"]
[Site " gostovanja"]
[Date "2023.01.26"]
[Round "3.4"]
[White "Benko, Bostjan"]
[Black "Sfiligoj, Anze"]
[Result "1-0"]
[WhiteElo "1879"]
[BlackElo "1688"]
[PlyCount "33"]
[EventDate "2023.01.26"]
[WhiteTeam "SK ZAGORJE"]
[BlackTeam "SK LJUBLJANA"]

1. e4 e5 2. Bc4 Nc6 3. Nf3 Nf6 4. d4 exd4 5. Ng5 d5 6. exd5 Na5 7. d6 Bxd6 8.
Bxf7+ Kf8 9. O-O h6 10. Ne6+ Bxe6 11. Bxe6 c5 12. Nd2 b5 13. Qf3 g5 14. Ne4 Kg7
15. a4 b4 16. Bd2 Nxe4 17. Qf7# 1-0

[Event "75. LJUBLJANSKA LIGA 2023"]
[Site " gostovanja"]
[Date "2023.01.26"]
[Round "3.3"]
[White "Komelj, Erazem"]
[Black "Medvesek, Janez"]
[Result "1/2-1/2"]
[WhiteElo "1589"]
[BlackElo "1825"]
[PlyCount "152"]
[EventDate "2023.01.26"]
[WhiteTeam "SK LJUBLJANA"]
[BlackTeam "SK ZAGORJE"]

1. d4 d5 2. Bf4 Nf6 3. e3 Bf5 4. Bd3 Bg6 5. Nf3 e6 6. O-O c5 7. c3 Nc6 8. Ne5
Bxd3 9. Nxd3 cxd4 10. exd4 Bd6 11. Nd2 Bxf4 12. Nxf4 Qc7 13. Nh5 Nxh5 14. Qxh5
b5 15. a3 a5 16. f4 Ne7 17. Qg5 O-O 18. Rf3 h6 19. Qh5 b4 20. g4 bxc3 21. bxc3
Ra6 22. Nb3 Rb8 23. Nc5 Rab6 24. Raf1 Rf8 25. Kh1 Kh7 26. Rg1 Qd8 27. g5 Qe8
28. gxh6 g6 29. Qe5 Nf5 30. Rh3 Rg8 31. Qc7 Rd6 32. Qxa5 Qb8 33. a4 Rdd8 34.
Qb5 Qxf4 35. Rf1 Qg4 36. Qd3 Qg5 37. a5 Ra8 38. a6 Ra7 39. Rb1 Nd6 40. Rg3 Qe7
41. Rg2 Rga8 42. Rgb2 Qg5 43. Rb6 Qe7 44. Qg3 Ne4 45. Nxe4 dxe4 46. Qe5 Kxh6
47. Rb7 Qg5 48. Qxg5+ Kxg5 49. Rxa7 Rxa7 50. Ra1 Kf6 51. Kg2 Ke7 52. Kf2 Kd6
53. Ke3 f5 54. c4 e5 55. dxe5+ Kxe5 56. Ra5+ Kd6 57. Kd4 Kc6 58. c5 Ra8 59. Kc4
Rb8 60. Kd4 Ra8 61. Kc4 g5 62. Kd4 Ra7 63. h3 Ra8 64. Kc4 e3 65. Kd3 f4 66. Ke2
Ra7 67. Kf3 Kd5 68. c6+ Kxc6 69. Rxg5 Rd7 70. Rg2 Kb6 71. Ra2 Ka7 72. Ke2 Re7
73. h4 Rh7 74. Kf3 Rxh4 75. Ra1 Rh3+ 76. Kxf4 e2 1/2-1/2

[Event "75. LJUBLJANSKA LIGA 2023"]
[Site " gostovanja"]
[Date "2023.01.26"]
[Round "3.4"]
[White "Bajraktarevic, Bajro"]
[Black "Glavac, Leo"]
[Result "0-1"]
[WhiteElo "1634"]
[BlackElo "1325"]
[PlyCount "32"]
[EventDate "2023.01.26"]
[WhiteTeam "SK ZAGORJE"]
[BlackTeam "SK LJUBLJANA"]

1. d4 d5 2. c4 c6 3. Nc3 e6 4. Nf3 Nf6 5. Bg5 Be7 6. e3 O-O 7. Bd3 b6 8. O-O h6
9. Bxf6 Bxf6 10. Qe2 Ba6 11. b3 Nd7 12. e4 e5 13. exd5 exd4 14. Qe4 g6 15. Na4
c5 16. Rae1 Bg7 {nejasno (34)} 0-1

[Event "75. LJUBLJANSKA LIGA 2023"]
[Site " gostovanja"]
[Date "2023.01.26"]
[Round "3.1"]
[White "Skok, Boris"]
[Black "Baric, Dusan"]
[Result "1/2-1/2"]
[WhiteElo "1944"]
[BlackElo "1979"]
[PlyCount "89"]
[EventDate "2023.01.26"]
[WhiteTeam "SD CRNI GRABEN"]
[BlackTeam "SK VISNJA GORA - STICNA"]

1. d4 Nf6 2. c4 g6 3. Nc3 Bg7 4. e4 d6 5. Nf3 O-O 6. h3 Nc6 7. Bg5 h6 8. Be3 e5
9. d5 Ne7 10. Qd2 Kh7 11. Be2 Bd7 12. Nh2 Nfg8 13. g4 f5 14. f3 c6 15. O-O-O f4
16. Bf2 Qe8 17. Kb1 b5 18. Rc1 b4 19. Nd1 a5 20. Be1 Qb8 21. Nf2 Rc8 22. Nd3 c5
23. Bd1 Rc7 24. h4 Nc8 25. Nf1 a4 26. Qg2 Nb6 27. Nd2 Bc8 28. Be2 Ba6 29. g5 h5
30. Bf2 Ne7 31. Qg1 Nec8 32. Qg2 Qa7 33. Rhd1 Bb7 34. Qg1 Bf8 35. Qf1 Qa5 36.
Be1 Be7 37. Qh3 Bd8 38. Qf1 Re7 39. Ka1 Nd7 40. Nb1 Qa7 41. Bf2 Ba5 42. Qg1 Ba6
43. Qf1 Ncb6 44. Ne1 b3 45. a3 1/2-1/2

[Event "75. LJUBLJANSKA LIGA 2023"]
[Site " gostovanja"]
[Date "2023.01.26"]
[Round "3.2"]
[White "Kirasic, Branko"]
[Black "Hribar, Janez"]
[Result "1-0"]
[WhiteElo "1852"]
[BlackElo "1894"]
[PlyCount "47"]
[EventDate "2023.01.26"]
[WhiteTeam "SK VISNJA GORA - STICNA"]
[BlackTeam "SD CRNI GRABEN"]

1. c4 Nf6 2. Nc3 g6 3. d4 Bg7 4. e4 d6 5. f4 c5 6. d5 Bg4 7. Qb3 Qb6 8. h3 Bd7
9. Qc2 Na6 10. a3 h5 11. Nf3 Qa5 12. Bd2 Nb4 13. Qb1 Na6 14. Bd3 e6 15. e5 dxe5
16. fxe5 Ng8 17. Ne4 Qb6 18. Nd6+ Kf8 19. Bxg6 Ne7 20. Nxf7 Nxg6 21. Qxg6 Rg8
22. Nd6 Be8 23. Qxe6 Qxb2 24. O-O 1-0

[Event "75. LJUBLJANSKA LIGA 2023"]
[Site " gostovanja"]
[Date "2023.01.26"]
[Round "3.3"]
[White "Majcen, Zoran"]
[Black "Jancigaj, Saso Valentin"]
[Result "1-0"]
[WhiteElo "1802"]
[BlackElo "1683"]
[PlyCount "67"]
[EventDate "2023.01.26"]
[WhiteTeam "SD CRNI GRABEN"]
[BlackTeam "SK VISNJA GORA - STICNA"]

1. e4 e5 2. d4 Bd6 3. Qg4 g6 4. Be3 f6 5. Nf3 exd4 6. Bxd4 Nc6 7. Bc3 Bb4 8.
Qf4 d6 9. a3 Bxc3+ 10. Nxc3 g5 11. Qe3 Be6 12. Bb5 Nge7 13. Nd4 Bd7 14. O-O-O
a6 15. Be2 Nxd4 16. Qxd4 Nc6 17. Bh5+ Kf8 18. Qd2 Be6 19. f4 h6 20. h4 Kg7 21.
Kb1 Qe7 22. Nd5 Qd8 23. Qc3 Bxd5 24. exd5 Na7 25. hxg5 hxg5 26. fxg5 Nb5 27.
gxf6+ Qxf6 28. Qg3+ Kf8 29. Rdf1 Rh6 30. Rxf6+ Rxf6 31. Qg5 Rf2 32. Bg6 Kg7 33.
Rh7+ Kg8 34. Bf5+ 1-0

[Event "75. LJUBLJANSKA LIGA 2023"]
[Site " gostovanja"]
[Date "2023.01.26"]
[Round "3.4"]
[White "Kamensek, Ivan"]
[Black "Vidergar, Milan"]
[Result "1-0"]
[WhiteElo "1676"]
[BlackElo "1504"]
[PlyCount "89"]
[EventDate "2023.01.26"]
[WhiteTeam "SK VISNJA GORA - STICNA"]
[BlackTeam "SD CRNI GRABEN"]

1. d4 g6 2. c4 d6 3. e4 Bg7 4. Nf3 e6 5. Nc3 Ne7 6. Be2 O-O 7. O-O b6 8. Bg5 f6
9. Be3 Nd7 10. b4 Bb7 11. Qb3 Kh8 12. Rfd1 f5 13. Ng5 Nf6 14. Nxe6 Qd7 15. Nxf8
Rxf8 16. e5 Ne4 17. Rac1 f4 18. Nxe4 Bxe4 19. f3 Bc6 20. b5 Bb7 21. Bf2 Nf5 22.
exd6 Re8 23. Bf1 cxd6 24. d5 Bc8 25. Re1 Rf8 26. Re4 g5 27. Rce1 Bf6 28. Qd3
Qg7 29. Re8 Ne7 30. Rxf8+ Qxf8 31. Bd4 Kg7 32. Bxf6+ Qxf6 33. Qe4 Nf5 34. Bd3
Bd7 35. Qe2 Qd4+ 36. Kh1 Ne3 37. Bb1 Qc3 38. Rg1 Qf6 39. g3 g4 40. gxf4 Qxf4
41. Be4 Kh6 42. Qb2 Bf5 43. Qf6+ Kh5 44. fxg4+ Nxg4 45. Qxf5+ 1-0

[Event "75. LJUBLJANSKA LIGA 2023"]
[Site " gostovanja"]
[Date "2023.02.16"]
[Round "4.1"]
[White "Jelen, Igor"]
[Black "Keber, Aljosa"]
[Result "1-0"]
[WhiteElo "2313"]
[BlackElo "1876"]
[PlyCount "93"]
[EventDate "2023.02.16"]
[WhiteTeam "SK IG"]
[BlackTeam "SK KOMENDA POGI"]

1. d4 Nf6 2. c4 g6 3. Nc3 Bg7 4. e4 O-O 5. Nf3 d6 6. Be2 e5 7. O-O Nc6 8. d5
Ne7 9. b4 a5 10. Ba3 Nd7 11. bxa5 b6 12. Bb4 bxa5 13. Ba3 f5 14. Ng5 Nf6 15. c5
Nxe4 16. Ncxe4 fxe4 17. cxd6 Nf5 18. Nxe4 Nxd6 19. Nc5 Rf4 20. Rc1 Rd4 21. Qe1
Bf5 22. Rd1 Qg5 23. Bc1 Qe7 24. Be3 Rxd1 25. Qxd1 Ne4 26. Bc4 Nd6 27. Bb3 Kh8
28. Qe2 Bf6 29. Rc1 e4 30. Ba4 Rb8 31. Nb3 Rb4 32. Bc6 a4 33. Bc5 Rxb3 34. axb3
axb3 35. g4 b2 36. Rb1 Be5 37. h3 Qg5 38. Be3 Qh4 39. Kg2 Bc8 40. f4 Nf5 41.
Bf2 Qh6 42. fxe5 e3 43. Bg3 Nd4 44. Qxb2 Nf3 45. e6+ Kg8 46. Kxf3 Qxh3 47. Qf6
1-0

[Event "75. LJUBLJANSKA LIGA 2023"]
[Site " gostovanja"]
[Date "2023.02.16"]
[Round "4.2"]
[White "Poglajen, Franc"]
[Black "Hiti, Domen"]
[Result "1/2-1/2"]
[WhiteElo "1741"]
[BlackElo "2236"]
[PlyCount "48"]
[EventDate "2023.02.16"]
[WhiteTeam "SK KOMENDA POGI"]
[BlackTeam "SK IG"]

1. e4 e6 2. d4 d5 3. exd5 exd5 4. h3 Bd6 5. Nf3 Ne7 6. Bd3 O-O 7. Nc3 c6 8. Ne2
Bf5 9. Bf4 Bxf4 10. Nxf4 Qd6 11. Qd2 Be4 12. O-O-O Bxf3 13. gxf3 Nd7 14. h4 Qh6
15. h5 Rfe8 16. Rdg1 Nf8 17. Rg2 Neg6 18. Rhg1 Nxf4 19. Rxg7+ Qxg7 20. Rxg7+
Kxg7 21. Qxf4 h6 22. Qg3+ Kf6 23. Qf4+ Kg7 24. Qg3+ Kf6 1/2-1/2

[Event "75. LJUBLJANSKA LIGA 2023"]
[Site " gostovanja"]
[Date "2023.02.16"]
[Round "4.3"]
[White "Rozic, Adrijan"]
[Black "Cimperman, Teo"]
[Result "0-1"]
[WhiteElo "2067"]
[BlackElo "1532"]
[PlyCount "58"]
[EventDate "2023.02.16"]
[WhiteTeam "SK IG"]
[BlackTeam "SK KOMENDA POGI"]

1. e4 c5 2. Nc3 Nc6 3. g3 g6 4. Bg2 Bg7 5. d3 Nf6 6. f4 d6 7. h3 O-O 8. g4 h5
9. g5 Nh7 10. Nge2 e5 11. h4 Bg4 12. O-O f6 13. f5 Ne7 14. Nd5 Nxd5 15. exd5
Bxf5 16. Rxf5 gxf5 17. g6 Ng5 18. hxg5 fxg5 19. Ng3 g4 20. Nxh5 Qh4 21. Nxg7
Kxg7 22. Bd2 f4 23. Qe1 g3 24. Bc3 Qh2+ 25. Kf1 f3 26. Bxe5+ Kg8 27. Qxg3 fxg2+
28. Ke2 g1=N+ 29. Kd1 Qe2+ 0-1

[Event "75. LJUBLJANSKA LIGA 2023"]
[Site " gostovanja"]
[Date "2023.02.16"]
[Round "4.4"]
[White "Macek, Inti"]
[Black "Janzelj, Erika-Marija"]
[Result "0-1"]
[WhiteElo "1512"]
[BlackElo "1719"]
[PlyCount "90"]
[EventDate "2023.02.16"]
[WhiteTeam "SK KOMENDA POGI"]
[BlackTeam "SK IG"]

1. d4 d6 2. Nf3 Nf6 3. c4 e6 4. Nc3 Be7 5. e4 a6 6. Be2 b6 7. d5 e5 8. h3 Nbd7
9. Be3 h6 10. O-O Nc5 11. Nd2 g5 12. b4 Nb7 13. Bh5 Qd7 14. Qa4 Nxh5 15. Qxd7+
Bxd7 16. a4 g4 17. hxg4 Bxg4 18. f3 Bd7 19. g4 Nf4 20. Bxf4 exf4 21. Kg2 Rg8
22. Rh1 Rg6 23. Rh5 Bg5 24. Nb3 c6 25. Nd4 c5 26. bxc5 dxc5 27. Nf5 Na5 28.
Rah1 Bxf5 29. exf5 Rg8 30. Ne4 Nxc4 31. Rxh6 Bxh6 32. Nf6+ Ke7 33. Nxg8+ Rxg8
34. Rxh6 Ne3+ 35. Kf2 Nxd5 36. a5 Rb8 37. axb6 Rxb6 38. Rh8 Rb2+ 39. Ke1 c4 40.
Ra8 Ra2 41. Rc8 c3 42. Rc5 Kd6 43. Rc8 a5 44. Rd8+ Ke5 45. Re8+ Kd4 0-1

[Event "75. LJUBLJANSKA LIGA 2023"]
[Site " gostovanja"]
[Date "2023.02.16"]
[Round "4.1"]
[White "Osolin, Bojan"]
[Black "Justin, Matjaz"]
[Result "1/2-1/2"]
[WhiteElo "2080"]
[BlackElo "2235"]
[PlyCount "92"]
[EventDate "2023.02.16"]
[WhiteTeam "SD DOMZALE"]
[BlackTeam "SD VRHNIKA"]

1. e4 c5 2. Nf3 d6 3. d4 cxd4 4. Nxd4 Nf6 5. f3 a6 6. c4 e6 7. Nc3 Be7 8. Be3
O-O 9. Qd2 Qc7 10. Rc1 b6 11. Be2 Bb7 12. O-O Nbd7 13. Rfd1 Rac8 14. Qe1 Qb8
15. Qf2 Rfe8 16. Bf1 Bf8 17. a3 g6 18. b4 Ne5 19. Na4 Ba8 20. Nb3 b5 21. Ba7
Qb7 22. Na5 Qd7 23. Bd4 bxa4 24. Bxe5 Nd5 25. Ba1 Nc7 26. c5 d5 27. c6 Qe7 28.
exd5 exd5 29. Re1 Qd6 30. Qd4 f6 31. Qxf6 Qxf6 32. Bxf6 Bh6 33. Rcd1 Be3+ 34.
Kh1 Re6 35. Bb2 Rce8 36. Bc1 Bb6 37. Rxe6 Rxe6 38. Bf4 Bxc6 39. Nxc6 Rxc6 40.
g3 Rc3 41. Bxc7 Bxc7 42. Bxa6 Rxf3 43. Rd3 Rxd3 44. Bxd3 Be5 45. Bc2 Bb2 46.
Bxa4 Bxa3 1/2-1/2

[Event "75. LJUBLJANSKA LIGA 2023"]
[Site " gostovanja"]
[Date "2023.02.16"]
[Round "4.2"]
[White "Praznik, Anton"]
[Black "Skok, Joze"]
[Result "1/2-1/2"]
[WhiteElo "2078"]
[BlackElo "1940"]
[PlyCount "86"]
[EventDate "2023.02.16"]
[WhiteTeam "SD VRHNIKA"]
[BlackTeam "SD DOMZALE"]

1. e4 c6 2. d3 d5 3. Nd2 g6 4. g3 Bg7 5. Bg2 e5 6. Ngf3 Bg4 7. O-O Nf6 8. h3
dxe4 9. dxe4 Bxf3 10. Qxf3 O-O 11. b3 Re8 12. Nc4 Qc7 13. Bb2 b5 14. Ne3 Nbd7
15. Ng4 Nxg4 16. hxg4 h6 17. Rad1 Rad8 18. Rd2 Nf8 19. Rfd1 Ne6 20. c3 Rxd2 21.
Rxd2 Rd8 22. Qd1 Rxd2 23. Qxd2 Bf8 24. b4 Qd6 25. Qxd6 Bxd6 26. Bc1 Kg7 27. Be3
c5 28. a3 a6 29. f3 f6 30. Kf2 Kf7 31. Bf1 c4 32. Be2 g5 33. Bd1 Ke7 34. a4 Kd7
35. a5 Bc7 36. Be2 Kc6 {(=)} 37. Bf1 Bd6 38. Bg2 Kd7 39. Ke2 Bc7 40. Bh3 Ke7
41. Kd2 Bd6 42. Kc2 Bc7 43. Bg2 Kd7 1/2-1/2

[Event "75. LJUBLJANSKA LIGA 2023"]
[Site " gostovanja"]
[Date "2023.02.16"]
[Round "4.3"]
[White "Markosek, Bine"]
[Black "Sirk, Matija"]
[Result "1-0"]
[WhiteElo "1865"]
[BlackElo "1535"]
[PlyCount "69"]
[EventDate "2023.02.16"]
[WhiteTeam "SD DOMZALE"]
[BlackTeam "SD VRHNIKA"]

1. e4 c5 2. Nf3 d6 3. Bb5+ Bd7 4. Bxd7+ Nxd7 5. O-O Ngf6 6. Re1 e5 7. d3 Be7 8.
Nbd2 Nf8 9. Nc4 b5 10. Ne3 Ne6 11. Nf5 O-O 12. N3h4 Nd4 13. c3 Nxf5 14. Nxf5
Re8 15. Qf3 Bf8 16. Bg5 Re6 17. d4 exd4 18. cxd4 Qe8 19. e5 Nd7 20. Bd2 dxe5
21. dxe5 Nxe5 22. Qg3 Ng6 23. h4 Rxe1+ 24. Rxe1 Qd7 25. Qf3 Rd8 26. Re2 Qd5 27.
Qg4 Qd7 28. h5 Ne7 29. Nh6+ Kh8 30. Nxf7+ Kg8 31. Qf3 Re8 32. Ng5 Nc6 33. Rxe8
Qxe8 34. Qd5+ Kh8 35. Nf7+ 1-0

[Event "75. LJUBLJANSKA LIGA 2023"]
[Site " gostovanja"]
[Date "2023.02.16"]
[Round "4.4"]
[White "Vodnik, Val"]
[Black "Zmaucar, Miha"]
[Result "0-1"]
[WhiteElo "1348"]
[BlackElo "1635"]
[PlyCount "152"]
[EventDate "2023.02.16"]
[WhiteTeam "SD VRHNIKA"]
[BlackTeam "SD DOMZALE"]

1. d4 Nf6 2. c4 e6 3. Nf3 Bb4+ 4. Bd2 Be7 5. g3 O-O 6. Bg2 d5 7. O-O c5 8. cxd5
Nxd5 9. dxc5 Bxc5 10. e4 Nf6 11. Qc2 Bb6 12. Nc3 Nc6 13. Rad1 Nb4 14. Qb1 Qe7
15. e5 Nfd5 16. Ng5 g6 17. Nge4 Nxc3 18. bxc3 Nc6 19. Bh6 Nxe5 20. Bxf8 Qxf8
21. Qb5 Qg7 22. Qe8+ Qf8 23. Qxf8+ Kxf8 24. Nd6 Rb8 25. Kh1 Ng4 26. Rd2 Ke7 27.
Nc4 Bc7 28. Rfd1 b5 29. Ne3 Nxe3 30. fxe3 Be5 31. Rd3 a5 32. Kg1 h5 33. Bc6 Rb6
34. Be8 Bb7 35. Rd8 Bd5 36. Rc8 Bd6 37. Rf1 e5 38. e4 Bxa2 39. Bc6 Bc5+ 40. Kg2
f5 41. exf5 Rxc6 42. Rxc6 Bd5+ 43. Kh3 Bxc6 44. fxg6 Be8 45. g7 Bf7 46. g4
hxg4+ 47. Kxg4 a4 48. h4 a3 49. h5 Be3 50. Re1 Be6+ 51. Kf3 Bf4 52. h6 Bxh6 53.
g8=Q Bxg8 54. Rxe5+ Kd6 55. Rxb5 Bd5+ 56. Kf2 Bd2 57. Ra5 a2 58. Ra3 Bxc3 59.
Rxa2 Bxa2 60. Ke3 Kd5 61. Kd3 Bd4 62. Ke2 Ke4 63. Kd2 Bb3 64. Kc1 Kd3 65. Kb1
Kc3 66. Kc1 Be3+ 67. Kb1 Bh6 68. Ka1 Bg7 69. Kb1 Bf6 70. Kc1 Bg5+ 71. Kb1 Kb4
72. Kb2 Bh6 73. Kb1 Ka3 74. Ka1 Bg8 75. Kb1 Bh7+ 76. Ka1 Bg7# 0-1

[Event "75. LJUBLJANSKA LIGA 2023"]
[Site " gostovanja"]
[Date "2023.02.16"]
[Round "4.1"]
[White "Markun, Ozbej"]
[Black "Jakob, Matthias"]
[Result "0-1"]
[WhiteElo "1958"]
[BlackElo "1996"]
[PlyCount "138"]
[EventDate "2023.02.16"]
[WhiteTeam "SS TOMO ZUPAN KRANJ"]
[BlackTeam "SK TRZIN BUSCOTRADE"]

1. e4 e6 2. d4 d5 3. Nc3 Bb4 4. exd5 exd5 5. Bd3 Nf6 6. Nge2 O-O 7. O-O Bg4 8.
f3 Bh5 9. Bg5 c6 10. Nf4 Bg6 11. Nxg6 hxg6 12. Ne2 Nbd7 13. c3 Bd6 14. Bf4 Qc7
15. Qd2 Rae8 16. Bxd6 Qxd6 17. Ng3 Re6 18. Rae1 Rfe8 19. Rxe6 Rxe6 20. Re1 Nf8
21. Bc2 Rxe1+ 22. Qxe1 Ne6 23. Qe3 Kf8 24. Ne2 Nd7 25. f4 Nb6 26. g3 Nc4 27.
Qc1 Qe7 28. Bd3 Nd6 29. Qe3 Nc7 30. Qe5 Nce8 31. Kg2 Nf6 32. h3 Nfe4 33. Qxe7+
Kxe7 34. g4 g5 35. fxg5 Nxg5 36. Ng3 g6 37. h4 Ne6 38. Kf3 Kf6 39. Ne2 Ng7 40.
Ng3 Ne6 41. Ke3 Ng7 42. b3 Ne6 43. Be2 b6 44. Bf3 Nb5 45. Ne2 Nd6 46. c4 dxc4
47. Bxc6 cxb3 48. axb3 Ke7 49. Bf3 a5 50. Nc3 Nc7 51. Bc6 f5 52. g5 f4+ 53.
Kxf4 Nf5 54. Ke5 Nxh4 55. Nd5+ Nxd5 56. Bxd5 b5 57. Bc6 a4 58. bxa4 bxa4 59.
Be4 a3 60. Bd5 Nf3+ 61. Ke4 Nxg5+ 62. Kf4 Kd6 63. Ba2 Ne6+ 64. Ke4 Nc7 65. Kf4
Nb5 66. Kg5 Nxd4 67. Kxg6 Ke5 68. Kg5 Ke4 69. Bb1+ Ke3 0-1

[Event "75. LJUBLJANSKA LIGA 2023"]
[Site " gostovanja"]
[Date "2023.02.16"]
[Round "4.2"]
[White "Lah, Emil"]
[Black "Susnik, Matej"]
[Result "1/2-1/2"]
[WhiteElo "1951"]
[BlackElo "2048"]
[PlyCount "128"]
[EventDate "2023.02.16"]
[WhiteTeam "SK TRZIN BUSCOTRADE"]
[BlackTeam "SS TOMO ZUPAN KRANJ"]

1. e4 c5 2. Nf3 e6 3. d4 cxd4 4. Nxd4 a6 5. Bd3 Nf6 6. O-O Qc7 7. Re1 d6 8. c4
Nbd7 9. b3 b6 10. Bb2 Bb7 11. Nd2 Be7 12. Rc1 O-O 13. Qe2 Rfe8 14. Bb1 Rac8 15.
h3 Qb8 16. N4f3 Qa8 17. Nh2 Bc6 18. a4 Qb8 19. Ng4 b5 20. Nxf6+ Bxf6 21. Bxf6
Nxf6 22. axb5 axb5 23. Qd3 Red8 24. Qc2 bxc4 25. bxc4 e5 26. Qd3 Nd7 27. Nf1
Nc5 28. Qd1 Nb3 29. Rc3 Nd4 30. Ne3 Qb4 31. Qd3 Rb8 32. Rcc1 Qc5 33. Nd5 Bxd5
34. cxd5 Qb5 35. Qxb5 Rxb5 36. Bd3 Rb3 37. Bc4 Rb4 38. Bd3 Rb3 39. Bc4 Rb4 40.
Bd3 Nb3 41. Rc6 Nc5 42. Bc2 Kf8 43. f3 Ke7 44. Kf1 Ra8 45. Rc1 Rb2 46. Ke1 Raa2
47. Kd1 Kd7 48. h4 g6 49. f4 f6 50. g4 exf4 51. g5 fxg5 52. e5 Ra6 53. Bf5+
gxf5 54. R1xc5 Ra1+ 55. Rc1 Rxc1+ 56. Kxc1 Rb5 57. Rxd6+ Ke7 58. hxg5 f3 59.
Kd2 Rb2+ 60. Ke1 Re2+ 61. Kf1 Rxe5 62. Rh6 Rxd5 63. Rxh7+ Kf8 64. Kf2 Kg8
1/2-1/2